Genetic engineering: Principles and methods. V 20 (Record no. 41710)

MARC details
000 -LEADER
fixed length control field 00296nam a2200109Ia 4500
082 ## - DEWEY DECIMAL CLASSIFICATION NUMBER
Classification number 575:631.523
Item number SET
245 #0 - TITLE STATEMENT
Title Genetic engineering: Principles and methods. V 20
260 ## - PUBLICATION, DISTRIBUTION, ETC. (IMPRINT)
Place of publication New York
Name of publisher Plenum Press
700 ## - ADDED ENTRY--PERSONAL NAME
Personal name Setlow, Jane K
942 ## - ADDED ENTRY ELEMENTS (KOHA)
Koha item type Books
Holdings
Withdrawn status Lost status Damaged status Not for loan Home library Current library Date acquired Cost, normal purchase price Full call number Accession Number Koha item type
        RRII Library RRII Library 16/12/2021 194.00 575:631.523 SET 21996 Books